000 01162nam a2200313 4500
001 0000012690
003 CO-CtgCURN
005 20250331185205.0
007 ta
008 160627s1990 000 0 eng d
020 _a9589021867
040 _aCO-CtgCURN
_bspa
_ccoctgcurn
082 0 _a616.026
_bA185v
245 0 0 _aUrgencias en medicina interna /
_cJaime Acosta ... [et al].
260 _aMedellin :
_bEditorial Universidad de Antioquia,
_c1990.
300 _a155 p.
336 _2rdacontent
337 _2rdamedia
_asin mediacion
_bn
338 _2rdacarrier
_avolumen
_bnc
490 1 _aBiblioteca de actualizacion medica ;
_v4
500 _aIncluye bibliografia e indice.
505 8 _aShock septico.--Hipoglicemia.--Lumbalgia aguda.--Artritis aguda.--Cetoacidosis diabetica.--Infarto de miocardio.--Intoxicacion por escopolamina.--Taquirritmias.--RadiologĂ­a de torax
650 1 4 _aMedicina clinica.
700 1 _aJaime Acosta.
908 _a160627
942 _cBK
_h616.026
_iA185v
_2ddc
999 _c22422
_d22422